000 00718nam a2200193Ia 4500
003 GCL
008 140319s9999 xx 000 0 ara d
040 _aGCL /
_cGCL
082 0 4 _a814.008
_bك ب
100 1 _aكامل مروة
245 1 0 _aبيروت - برلين - بيروت: مشاهدات صحافى فى اوربا والمانيا أثناء الحرب العالمية الثانية والحرب الباردة التى تلتها /
_cكامل مروة
260 _a[S.N] :
_bرياض الريس للكتب والنشر ،
_c1991
300 _a288
490 _a
650 0 4 _aالادب العربى
650 0 4 _aالمقالات العربية
650 0 4 _aالمجموعات
942 _2ddc
_cBK
999 _c55827
_d55827